000 02113nam a2200373 a 4500
001 000034293
005 20200120222226.0
008 080801s1998 sp br 000 f spa d
020 _a9788420789880.
090 _aN
_bZAFp
100 0 _aZafra, José,
_d1962-.
245 1 3 _aEl palacio de papel /
_cJosé Zafra ; ilustración : Emilio Urberuaga.
250 _a1a. ed.
260 _aMadrid (España) :
_bAnaya,
_c1998.
300 _a112 p. :
_bil.
_e+ 1 anexo (Libro de actividades)
490 0 _aSopa de libros
_v26
500 _aIncluye información bográfica del autor e ilustrador al final del texto.
500 _aAudiencia : recomendado a partir de 8 años.
500 _aEj. 8 Biblioteca Colegio Cuidadela : Reposición del libro Destino Nueva York con código de barras no. 012028108.
500 _aEjs. 1 al 5 de Biblioteca Colegio Ciudadela : Plan Lector 2008.
500 _aEjs. 6 y 7 de Biblioteca Colegio Ciudadela : Plan Lector, 2009.
500 _aEjs. 1 y 2 de Biblioteca Colegio Chicalá : Plan Lector, 2009.
500 _aEjs. 6 y 7 de Biblioparque de Funza : 14a. impr. 2009.
500 _aEjs. 8 al 11 de Biblioparque de Funza : 14a. impr. 2009, pertenece a la colección Maletines Viajeros, 2013.
500 _aMaterial con código JEC es adquirido con recursos foniñez - Jornada Escolar Colsubsidio
520 3 _a"En la biblioteca de un viejo caserón vive una familia de ratones. Allí, en la Enciclopedia, donde «comen lo que leen y leen lo que comen», parece como si las palabras se transformaran en cosas. Un buen día aparece Justino, un ratón de campo, que habita en un maizal y cuenta cómo es el mundo de afuera. Entonces Idolina, la hija, empezará a sentir algo especial que le llevará a tomar una importante decisión...".
650 1 7 _aNovela infantil.
_2LEMB
650 2 7 _aLiteratura infantil.
_2LEMB
650 2 7 _aLiteratura española.
_2LEMB
650 2 7 _aAnimales en la literatura.
_2LEMB
650 2 7 _aAventuras en la literatura.
_2LEMB
700 1 _aUrberuaga, Emilio,
_d1954-,
_eil.
901 _aCompra, Distribuidora Colsubsidio, 2008, $31.900.
999 _c1956
_d1956